Μετάβαση στο περιεχόμενο

История зарубежного искусства и культуры. Первобытность и древний мир учебное пособие

Содержит материалы для организации разнообразной самостоятельной работы студентов на практических занятиях по истории зарубежного искусства и культуры эпохи первобытности и Древнего мира. Вопросы и задания помогут преподавателю провести семинар, организовать как индивидуальную творческую, так и колл...

Πλήρης περιγραφή

Αποθηκεύτηκε σε:
Λεπτομέρειες βιβλιογραφικής εγγραφής
Κύριος συγγραφέας: Боярченков В. В.
Άλλοι συγγραφείς: Ручкина Е. В.
Μορφή: Книга
Γλώσσα:Russian
Έκδοση: Рязань РГРТУ 2007
Διαθέσιμο Online:https://e.lanbook.com/book/168094
https://e.lanbook.com/img/cover/book/168094.jpg
Ετικέτες: Προσθήκη ετικέτας
Δεν υπάρχουν, Καταχωρήστε ετικέτα πρώτοι!
LEADER 02099nam0a2200253 i 4500
001 168094
003 RuSpLAN
005 20221220174120.0
008 221220s2007 ru gs 000 0 rus
040 |a RuSpLAN 
041 0 |a rus 
044 |a ru 
080 |a 008(09) 
245 0 0 |a История зарубежного искусства и культуры. Первобытность и древний мир  |b учебное пособие  |c Боярченков В. В.,Ручкина Е. В. 
260 |a Рязань  |b РГРТУ  |c 2007 
300 |a 49 с. 
504 |a Библиогр.: доступна в карточке книги, на сайте ЭБС Лань 
520 8 |a Содержит материалы для организации разнообразной самостоятельной работы студентов на практических занятиях по истории зарубежного искусства и культуры эпохи первобытности и Древнего мира. Вопросы и задания помогут преподавателю провести семинар, организовать как индивидуальную творческую, так и коллективную (в группе) работу студентов. Предложенные вопросы позволят осуществить оперативный контроль знаний. Задания направлены на формирование у студентов собственной позиции. Предназначено для студентов, изучающих курс «История зарубежного искусства и культуры». 
521 8 |a Книга из коллекции РГРТУ - Социально-гуманитарные науки 
100 1 |a Боярченков В. В. 
700 1 |a Ручкина Е. В. 
856 4 |u https://e.lanbook.com/book/168094 
856 4 8 |u https://e.lanbook.com/img/cover/book/168094.jpg 
953 |a https://e.lanbook.com/img/cover/book/168094.jpg